Ľudské zdroje a personálny marketing v podnikateľskej praxi

Bibliographic Details
Main Authors: Bednárik, Jaroslav, 1961- (Author), Máliková, Iveta, 1972- (Author)
Format: Book
Language:Slovak
PhysicalDescription:165 s. sch., tab. 21 cm
Published: Trnava Univerzita sv. Cyrila a Metoda v Trnave, Fakulta masmediálnej komunikácie 2016
ISBN:9788081058257
Edition:1. vyd.
Subjects:

MARC

LEADER 00000cam a2200000 a 4500
001 vtls011623682
003 SK-MaSNL
005 20260301093743.0
008 240318s2016 xo a e np 000 0 slo
015 |a SNBA2017/04 
020 |a 9788081058257  |q (brož.) 
035 |a urn:nbn:sk:snk-am00cx13 
035 |a urn:nbn:sk:snk-am3hmoc 
035 |a D08BB412-F48C-4125-87D3-6813FA3FCBB4 
040 |a SNK  |b slo  |c SNK  |e AACR2 
041 0 |a slo 
044 |a xo  |c SK 
072 7 |a 005  |x Manažment. Riadenie  |2 konspekt 
080 |a 005.95/.96  |2 2011 
080 |a 005.96  |2 2011 
080 |a (075.8)  |2 2011 
080 |a 005.95/.96:658.8  |2 2011 
080 |a 658.8  |2 2011 
100 1 |a Bednárik, Jaroslav,  |d 1961-  |4 aut  |9 196388 
245 1 0 |a Ľudské zdroje a personálny marketing v podnikateľskej praxi  |c Jaroslav Bednárik, Iveta Máliková 
250 |a 1. vyd. 
260 |a Trnava  |b Univerzita sv. Cyrila a Metoda v Trnave, Fakulta masmediálnej komunikácie  |c 2016 
300 |a 165 s.  |b sch., tab.  |c 21 cm 
504 |a Bibliogr.: s. 160-165 ; zoz. obr. a tab. 
650 0 7 |a personálny manažment  |2 SNKPH  |9 936 
650 0 7 |a Personnel management  |2 SNKPHeng  |9 265622 
650 0 7 |a manažment ľudských zdrojov  |2 SNKPH  |9 29115 
650 0 7 |a Human resources management  |2 SNKPHeng  |9 319546 
650 0 7 |a personálny marketing  |2 SNKPH  |9 88013 
650 0 7 |a Personnel marketing  |2 SNKPHeng  |9 426567 
655 7 |a učebnice vysokých škôl  |2 SNKPH  |9 70191 
655 7 |a Textbooks (higher)  |2 SNKPHeng  |9 276436 
700 1 |a Máliková, Iveta,  |d 1972-  |4 aut  |9 218350 
852 |a Štátna vedecká knižnica v Banskej Bystrici 
919 |a 978-80-8105-825-7 
958 |a NB 
999 |c 678049  |d 679979 
952 |a SNK  |b SNK  |y PREZ  |7 0  |p 17A1257037  |o snkSC 174136  |i snk2017/8924  |8 0  |0 0  |1 0  |4 0  |d 2017-04-12  |f 1  |l 0  |r 2025-09-16 00:00:00  |w 2026-02-23 
952 |a SNK  |b SNKPULT  |y VYP  |7 0  |p 17A1257038  |o snkSC 174136 D1  |i snk2017/8927  |8 0  |0 0  |1 0  |4 0  |d 2017-04-12  |l 1  |q 2026-05-27  |r 2026-04-27 14:47:48  |s 2026-04-27  |w 2026-02-23